| 000 | 00632nam a2200241Ia 4500 | ||
|---|---|---|---|
| 003 | OSt | ||
| 005 | 20220923214608.0 | ||
| 006 | a|||||r|||| 00| 0 | ||
| 007 | ta | ||
| 008 | 220922b |||||||| |||| 00| 0 hin d | ||
| 024 | _a171,159 | ||
| 037 | _cTextual | ||
| 040 |
_aARTS _cARTS _bhin |
||
| 041 |
_2hin _ahin |
||
| 082 | _aO152:3N14:31, J2;L2 | ||
| 100 | _aयशपाल | ||
| 245 | 0 | _aमनुष्क के रूप | |
| 246 | _ahinuṣhka ke rūpa | ||
| 250 | _aसंस्क0 8 | ||
| 260 | _c1972 | ||
| 942 |
_hO152:3N14:31, J2;L2 _cTEXL _2CC |
||
| 999 |
_c325384 _d325384 |
||